[Event "C'est un classique V"]
[Site "Chess.com"]
[Date "2021.02.20"]
[Round "5.3"]
[White "Adam, Rafael"]
[Black "Saulnier-Legault, Lea"]
[Result "1/2-1/2"]
[WhiteElo "2049"]
[BlackElo "1653"]
[PlyCount "211"]
[EventDate "2021.01.23"]
[EventType "swiss"]
[EventRounds "5"]
[EventCountry "CAN"]

1. d4 d5 2. c4 e6 3. Nc3 Nf6 4. cxd5 exd5 5. Bg5 Nbd7 6. e3 c6 7. Bd3 h6 8. Bh4
Qa5 9. Nge2 Be7 10. O-O O-O 11. a3 Re8 12. b4 Qd8 13. b5 c5 14. dxc5 Nxc5 15.
Bc2 Be6 16. Nd4 Rc8 17. a4 Ncd7 18. Nce2 Ne4 19. Bg3 Nxg3 20. Nxg3 Bf6 21. Rc1
Bxd4 22. Qxd4 b6 23. Rfd1 Qf6 24. Qd3 g6 25. h3 Rc3 26. Qd2 Rec8 27. Ne2 R3c5
28. Nd4 Ne5 29. Bb3 Nc4 30. Qe2 Na5 31. Bc2 Bd7 32. Qd2 Qg5 33. Nf3 Qf6 34. Nd4
Qg5 35. Kh2 Qe5+ 36. Kg1 Nc4 37. Qc3 Na5 38. Qb2 Nc4 39. Qa1 Na5 40. Bd3 Qh5
41. Rc2 Qh4 42. Rdc1 Qg5 43. Kf1 Qe5 44. Kg1 Nc4 45. Nb3 Qxa1 46. Rxa1 R5c7 47.
Rac1 Be6 48. e4 dxe4 49. Bxe4 Rd7 50. Bc6 Rd3 51. Rc3 Rcd8 52. Be4 Rxc3 53.
Rxc3 Rd1+ 54. Kh2 Kg7 55. Kg3 Kf6 56. Bc2 Rd7 57. Nc1 Ne5 58. f4 Nc4 59. Nd3
Rd4 60. Nb4 Nd2 61. Nc6 Ne4+ 62. Bxe4 Rxe4 63. Ra3 Bd5 64. Nxa7 Re2 65. h4
Rxg2+ 66. Kh3 Rc2 67. Rd3 Be6+ 68. Kg3 Rc4 69. Ra3 Bd7 70. a5 bxa5 71. Rxa5
Rc3+ 72. Kg2 Rb3 73. Ra6+ Kf5 74. Rd6 Bxb5 75. Rd5+ Kxf4 76. Nxb5 Rb2+ 77. Kh3
Rb3+ 78. Kh2 Rb2+ 79. Kh3 Rb3+ 80. Kg2 Kg4 81. Rd4+ Kh5 82. Nd6 f5 83. Nf7 Rb2+
84. Kg3 Rb3+ 85. Kf4 Rh3 86. Ke5 Rxh4 87. Rd1 f4 88. Nd6 f3 89. Ne8 g5 90. Rf1
Kg4 91. Ke4 Kg3+ 92. Ke3 g4 93. Nf6 Kg2 94. Rf2+ Kg1 95. Ne4 Rh2 96. Rxh2 Kxh2
97. Kf2 h5 98. Nd2 g3+ 99. Kxf3 g2 100. Kf4 h4 101. Nf3+ Kh3 102. Ng1+ Kh2 103.
Nf3+ Kh1 104. Kg4 g1=Q+ 105. Nxg1 Kxg1 106. Kxh4 1/2-1/2

[Event "C'est un classique V"]
[Site "Chess.com"]
[Date "2021.02.20"]
[Round "5.4"]
[White "Pomerantz, Daniel"]
[Black "Varro, Daniel"]
[Result "0-1"]
[WhiteElo "2198"]
[BlackElo "2192"]
[PlyCount "56"]
[EventDate "2021.01.23"]
[EventType "swiss"]
[EventRounds "5"]
[EventCountry "CAN"]

1. e4 c5 2. Nf3 e6 3. d4 cxd4 4. Nxd4 Nf6 5. Nc3 Nc6 6. Ndb5 Bb4 7. a3 Bxc3+ 8.
Nxc3 d5 9. exd5 exd5 10. Bg5 O-O 11. Be2 h6 12. Bh4 Bf5 13. O-O d4 14. Na2 Ne5
15. Nc1 Qb6 16. Nd3 Nxd3 17. Bxd3 Bxd3 18. Qxd3 Rac8 19. Rfe1 Rfd8 20. Re2 g5
21. Bg3 Qxb2 22. Rae1 Re8 23. Be5 Nd7 24. Bxd4 Rxe2 25. Qxe2 Qxd4 26. Rd1 Qe5
27. Qg4 Nb6 28. h4 Qf4 0-1

[Event "C'est un classique V"]
[Site "Chess.com"]
[Date "2021.02.20"]
[Round "5.5"]
[White "Turcotte, Jonathan"]
[Black "Dube, Daniel"]
[Result "1-0"]
[WhiteElo "2035"]
[BlackElo "1697"]
[PlyCount "79"]
[EventDate "2021.01.23"]
[EventType "swiss"]
[EventRounds "5"]
[EventCountry "CAN"]

1. d4 Nf6 2. c4 e6 3. Nf3 b6 4. g3 Ba6 5. b3 c5 6. d5 Nxd5 7. cxd5 Qf6 8. Bd2
Qxa1 9. Bc3 Qxa2 10. Bg2 Bb7 11. e4 exd5 12. exd5 Bxd5 13. Qxd5 Qxb1+ 14. Ke2
Qc2+ 15. Bd2 Nc6 16. Rc1 Qg6 17. Ne5 Qe6 18. Qxe6+ fxe6 19. Nxc6 Rc8 20. Nxa7
Rc7 21. Nb5 Rc8 22. Bf4 d5 23. Be5 Kf7 24. Ra1 Kg6 25. Bh3 c4 26. bxc4 dxc4 27.
f4 Bb4 28. Bxe6 c3 29. Bxc8 Rxc8 30. Rc1 Rc5 31. Nxc3 Ba3 32. Rc2 b5 33. Kd3 b4
34. Nb1 Rd5+ 35. Ke4 Rd1 36. Nxa3 bxa3 37. Ra2 Rh1 38. Rxa3 Rxh2 39. Ra6+ Kf7
40. Ra7+ 1-0

[Event "C'est un classique V"]
[Site "Chess.com"]
[Date "2021.02.20"]
[Round "5.6"]
[White "Mohit, Surdasji"]
[Black "Bilodeau-Savaria, Sandy-Rose"]
[Result "1-0"]
[WhiteElo "1510"]
[BlackElo "1700"]
[PlyCount "65"]
[EventDate "2021.01.23"]
[EventType "swiss"]
[EventRounds "5"]
[EventCountry "CAN"]

1. e4 c5 2. Nf3 d6 3. d4 cxd4 4. Nxd4 Nf6 5. Nc3 a6 6. h3 e5 7. Nf5 d5 8. Ng3
d4 9. Nce2 Nc6 10. f4 exf4 11. Nxf4 Bb4+ 12. Bd2 Qc7 13. Nfh5 Nxh5 14. Nxh5
Bxd2+ 15. Qxd2 Qe5 16. Be2 g6 17. Nf4 Qxe4 18. O-O-O O-O 19. Rde1 Qf5 20. g4
Qc5 21. h4 Be6 22. Nxe6 fxe6 23. a3 Ne5 24. h5 Rf6 25. Qh6 Rc8 26. Bd1 Rf2 27.
hxg6 Rxc2+ 28. Kb1 Rc1+ 29. Ka2 Qc4+ 30. Bb3 Qc7 31. Bxe6+ Kh8 32. Qxh7+ Qxh7
33. Rxh7# 1-0

[Event "C'est un classique V U1800"]
[Site "Chess.com"]
[Date "2021.01.23"]
[Round "1.8"]
[White "Grenier, Marcel jr"]
[Black "Cormier, Benoit"]
[Result "1/2-1/2"]
[WhiteElo "1203"]
[BlackElo "1393"]
[PlyCount "83"]
[EventDate "2021.01.23"]
[EventType "swiss"]
[EventRounds "5"]
[EventCountry "CAN"]

1. Nf3 c5 2. c4 e6 3. Nc3 Nf6 4. d3 d6 5. Bg5 Be7 6. e4 Nc6 7. a3 O-O 8. Be2 h6
9. Bd2 Nd4 10. Nxd4 cxd4 11. Nb1 e5 12. O-O Be6 13. Bb4 a5 14. Be1 Qd7 15. Nd2
Nh7 16. h3 Bg5 17. Nf3 Be7 18. Bd2 f5 19. exf5 Bxf5 20. Qe1 b6 21. b4 a4 22. b5
Bf6 23. Bb4 e4 24. Nh2 exd3 25. Bf3 Rae8 26. Qd1 Be4 27. Bxe4 Rxe4 28. Qxd3
Rfe8 29. Nf3 Ng5 30. Nxg5 Bxg5 31. Rfe1 Rxe1+ 32. Rxe1 Rxe1+ 33. Bxe1 Qe6 34.
Bd2 Bxd2 35. Qxd2 Qxc4 36. g4 Qc3 37. Qe2 d3 38. Qe8+ Kh7 39. Qe4+ Kg8 40. Qe8+
Kh7 41. Qe4+ Kg8 42. Qe8+ 1/2-1/2

[Event "C'est un classique V U1800"]
[Site "Chess.com"]
[Date "2021.01.23"]
[Round "1.9"]
[White "Cote, Pierre"]
[Black "Berlinguet, Etienne"]
[Result "1-0"]
[WhiteElo "1196"]
[BlackElo "1347"]
[PlyCount "79"]
[EventDate "2021.01.23"]
[EventType "swiss"]
[EventRounds "5"]
[EventCountry "CAN"]

1. d4 Nf6 2. Bg5 g6 3. Bxf6 exf6 4. e3 Bg7 5. Nf3 O-O 6. c4 d6 7. Nc3 Nc6 8.
Be2 f5 9. O-O Re8 10. a3 a6 11. Rc1 Bd7 12. b4 Na7 13. Qb3 b5 14. cxb5 Nxb5 15.
Nxb5 axb5 16. Rfd1 f4 17. Rc3 Rc8 18. Rdc1 Bh6 19. h4 fxe3 20. fxe3 Be6 21. d5
Bd7 22. Kf2 Bg7 23. R3c2 Bf5 24. Bd3 Bxd3 25. Qxd3 Qd7 26. Nd4 Bh6 27. Re1 Qg4
28. g3 c5 29. dxc6 Qh3 30. Nf3 Re6 31. Qxb5 Qf5 32. Qxf5 gxf5 33. Nd4 Re5 34.
b5 Rce8 35. Rc3 Bg7 36. c7 Rc5 37. Rxc5 dxc5 38. Nxf5 Bb2 39. a4 c4 40. Nd6 1-0

[Event "C'est un classique V U1800"]
[Site "Chess.com"]
[Date "2021.01.23"]
[Round "1.10"]
[White "Imbeault, Marc"]
[Black "Yang, Jing Yao"]
[Result "0-1"]
[WhiteElo "1190"]
[BlackElo "1309"]
[PlyCount "112"]
[EventDate "2021.01.23"]
[EventType "swiss"]
[EventRounds "5"]
[EventCountry "CAN"]

1. e4 c5 2. Nf3 d6 3. d3 Nc6 4. g3 Nf6 5. Bg2 g6 6. O-O Bg7 7. Nbd2 O-O 8. c3
Be6 9. Re1 b5 10. e5 Nd5 11. Ne4 Nxe5 12. Nxe5 Bxe5 13. d4 cxd4 14. cxd4 Bg7
15. Nc3 Nxc3 16. bxc3 Rc8 17. Bd2 Re8 18. Qf3 Qc7 19. a3 Bd7 20. Rec1 Bc6 21.
Qe2 Bxg2 22. Kxg2 Qc4 23. Qe4 e5 24. Re1 Qc6 25. Qxc6 Rxc6 26. Rab1 a6 27. Kf3
f5 28. Re2 Rec8 29. Rbe1 e4+ 30. Kg2 a5 31. Rb1 Rb6 32. a4 b4 33. cxb4 Bxd4 34.
b5 Rc2 35. Kf1 Bc3 36. Be3 Rxe2 37. Bxb6 Rc2 38. Rd1 Ra2 39. Ba7 Rxa4 40. b6
Rb4 41. Rxd6 a4 42. Rd7 a3 43. Rd8+ Kg7 44. Rd7+ Kh6 45. b7 a2 46. b8=Q a1=Q+
47. Kg2 Rxb8 48. Be3+ g5 49. h4 Kg6 50. Bxg5 Rb1 51. Rd6+ Kf7 52. Rd7+ Ke6 53.
Re7+ Kd5 54. Rd7+ Kc4 55. Rc7+ Kd3 56. Rd7+ Ke2 0-1

[Event "C'est un classique V U1800"]
[Site "Chess.com"]
[Date "2021.01.23"]
[Round "1.11"]
[White "Villeneuve, Joel"]
[Black "Abboudy, Bassel"]
[Result "0-1"]
[WhiteElo "1232"]
[BlackElo "1186"]
[PlyCount "120"]
[EventDate "2021.01.23"]
[EventType "swiss"]
[EventRounds "5"]
[EventCountry "CAN"]

1. d4 d5 2. Bf4 Nf6 3. e3 c5 4. c3 Nc6 5. Bd3 Qb6 6. Qc1 Nh5 7. Bg3 Nxg3 8.
hxg3 g6 9. Nd2 cxd4 10. exd4 Bg7 11. f4 Bg4 12. Ngf3 Rc8 13. Qb1 O-O 14. f5 e5
15. fxg6 e4 16. gxh7+ Kh8 17. Nh2 exd3 18. Nxg4 Rce8+ 19. Kd1 Re2 20. Qxd3 Qxb2
21. Rb1 Rxd2+ 22. Qxd2 Qxb1+ 23. Qc1 Qxa2 24. Ne3 Re8 25. Nc2 Qc4 26. Qd2 Na5
27. Ne3 Qb5 28. Nf5 Qb1+ 29. Qc1 Qxf5 30. Qf4 Qd3+ 31. Qd2 Qxd2+ 32. Kxd2 Nc4+
33. Kc1 Re6 34. Rf1 Bh6+ 35. Kc2 Ne3+ 36. Kd3 Nxf1 37. c4 dxc4+ 38. Kxc4 Kxh7
39. d5 Rd6 40. Kc5 Bf8 41. g4 Kg6 42. g3 Kg5 43. Kd4 Kxg4 44. Ke5 Kxg3 45. Kf5
Rxd5+ 46. Kf6 Bc5 47. Kxf7 a5 48. Ke8 a4 49. Kf7 a3 50. Ke6 a2 51. Kxd5 a1=Q
52. Kxc5 Qd1 53. Kb6 Qc2 54. Ka7 b5 55. Kb6 b4 56. Ka5 b3 57. Kb4 b2 58. Ka3
Kf3 59. Ka2 b1=Q+ 60. Ka3 Qca2# 0-1

[Event "C'est un classique V U1800"]
[Site "Chess.com"]
[Date "2021.01.23"]
[Round "1.12"]
[White "Chelkowski, Jan"]
[Black "Bernard, Jeremie"]
[Result "0-1"]
[WhiteElo "1070"]
[BlackElo "1207"]
[PlyCount "130"]
[EventDate "2021.01.23"]
[EventType "swiss"]
[EventRounds "5"]
[EventCountry "CAN"]

1. e4 e5 2. Nf3 Nc6 3. Bc4 Nf6 4. Nc3 Bc5 5. Ng5 O-O 6. O-O h6 7. Nf3 a6 8. b3
b5 9. Bd3 d5 10. Bb2 d4 11. Nb1 Bb7 12. Qe2 Nd7 13. c3 Nf6 14. c4 b4 15. Ne1
Ne7 16. f4 Bd6 17. f5 Bc5 18. Rf3 Bb6 19. Rg3 h5 20. a3 a5 21. Nc2 c5 22. axb4
axb4 23. Rxa8 Qxa8 24. Nba3 bxa3 25. Nxa3 Bc6 26. Qd1 Ba5 27. Qc2 Bb4 28. Nb5
Bxb5 29. cxb5 Nd7 30. Rh3 Qa5 31. Rxh5 Bxd2 32. Qd1 f6 33. Bc4+ Rf7 34. Bxf7+
Kxf7 35. Rh3 Be3+ 36. Kh1 Qxb5 37. Qh5+ Kf8 38. Qd1 c4 39. Rh8+ Ng8 40. Ba3+
Nc5 41. bxc4 Qxc4 42. Bxc5+ Qxc5 43. Qa1 Qc1+ 44. Qxc1 Bxc1 45. Rh3 Be3 46. Rf3
Nh6 47. g3 Ng4 48. Kg2 Nh6 49. h3 Nf7 50. h4 Nd6 51. Kf1 Nxe4 52. Kg2 Nd2 53.
Rxe3 dxe3 54. g4 Ke7 55. Kg1 Nf3+ 56. Kf1 Nxh4 57. Ke2 Ng2 58. Kf3 Nf4 59. Kxe3
Kd6 60. Ke4 Kc6 61. Ke3 Kd5 62. Kf3 Kd4 63. Kf2 Ke4 64. Ke1 Kf3 65. Kd2 Kxg4
0-1

[Event "C'est un classique V U1800"]
[Site "Chess.com"]
[Date "2021.01.23"]
[Round "1.13"]
[White "Berlinguet, Samuel"]
[Black "Loevenich, Anna"]
[Result "1-0"]
[WhiteElo "1206"]
[BlackElo "952"]
[PlyCount "83"]
[EventDate "2021.01.23"]
[EventType "swiss"]
[EventRounds "5"]
[EventCountry "CAN"]

1. e4 e5 2. Nf3 Nf6 3. Nc3 Bb4 4. Qe2 d6 5. a3 Ba5 6. Qb5+ Nc6 7. b4 Bb6 8. Nd5
O-O 9. Nxb6 axb6 10. Qc4 Re8 11. Ng5 d5 12. exd5 Qxd5 13. Qxd5 Nxd5 14. Bc4
Nce7 15. Bb2 f6 16. Ne4 Bd7 17. Nc3 c6 18. Nxd5 Nxd5 19. O-O b5 20. Bb3 Be6 21.
Rae1 Rad8 22. d3 Nc7 23. Bxe6+ Rxe6 24. f4 Rde8 25. fxe5 fxe5 26. Re2 e4 27.
Rfe1 exd3 28. Rxe6 Nxe6 29. cxd3 b6 30. g3 c5 31. bxc5 bxc5 32. d4 c4 33. d5
Nc7 34. Rxe8+ Nxe8 35. Kf2 Kf7 36. Ke3 Nd6 37. Kd4 g6 38. Kc5 Ke7 39. h4 h5 40.
Be5 Kd7 41. Bxd6 c3 42. Bf4 1-0

[Event "C'est un classique V U1800"]
[Site "Chess.com"]
[Date "2021.01.30"]
[Round "2.8"]
[White "Yang, Jing Yao"]
[Black "Berlinguet, Samuel"]
[Result "1-0"]
[WhiteElo "1309"]
[BlackElo "1206"]
[PlyCount "83"]
[EventDate "2021.01.23"]
[EventType "swiss"]
[EventRounds "5"]
[EventCountry "CAN"]

1. d4 d5 2. Bf4 Nc6 3. Nf3 Nf6 4. e3 g6 5. c3 Bg7 6. Bd3 O-O 7. Nbd2 Re8 8. O-O
e6 9. Ne5 Nxe5 10. Bxe5 Nh5 11. Bxg7 Kxg7 12. Nf3 f6 13. g4 e5 14. Nd2 e4 15.
Be2 Bxg4 16. Bxg4 f5 17. Bxh5 Qg5+ 18. Kh1 Qxh5 19. Qxh5 gxh5 20. Rg1+ Kh6 21.
Rg2 Rg8 22. Rxg8 Rxg8 23. Rg1 Rxg1+ 24. Kxg1 h4 25. Kg2 Kg5 26. f4+ exf3+ 27.
Nxf3+ Kg4 28. h3+ Kh5 29. Ne5 b6 30. Kf3 c5 31. dxc5 bxc5 32. Kf4 d4 33. exd4
cxd4 34. cxd4 Kh6 35. d5 Kg7 36. d6 Kf8 37. d7 Ke7 38. Kxf5 a5 39. b3 h5 40. a3
Kd8 41. Ke6 Kc7 42. Ke7 1-0

[Event "C'est un classique V U1800"]
[Site "Chess.com"]
[Date "2021.01.30"]
[Round "2.9"]
[White "Bernard, Jeremie"]
[Black "Cote, Pierre"]
[Result "0-1"]
[WhiteElo "1207"]
[BlackElo "1196"]
[PlyCount "45"]
[EventDate "2021.01.23"]
[EventType "swiss"]
[EventRounds "5"]
[EventCountry "CAN"]

1. e4 d6 2. d4 Nf6 3. Nc3 g6 4. Be3 Bg7 5. Qd2 Ng4 6. O-O-O Nxe3 7. fxe3 O-O 8.
Bc4 c6 9. Nf3 b5 10. Bb3 a5 11. a3 a4 12. Ba2 Bg4 13. h3 Bxf3 14. gxf3 Qb6 15.
f4 b4 16. Nb1 b3 17. cxb3 axb3 18. Bxb3 Qxb3 19. e5 Rc8 20. Qe2 c5 21. Nc3 cxd4
22. exd4 Rxa3 23. Kd2 0-1

[Event "C'est un classique V U1800"]
[Site "Chess.com"]
[Date "2021.01.30"]
[Round "2.10"]
[White "Abboudy, Bassel"]
[Black "Cormier, Benoit"]
[Result "0-1"]
[WhiteElo "1186"]
[BlackElo "1393"]
[PlyCount "130"]
[EventDate "2021.01.23"]
[EventType "swiss"]
[EventRounds "5"]
[EventCountry "CAN"]

1. d4 Nf6 2. c4 e6 3. Nf3 b6 4. g3 Bb7 5. Bg2 Bb4+ 6. Bd2 Bxd2+ 7. Qxd2 O-O 8.
Nc3 d5 9. cxd5 exd5 10. O-O Nbd7 11. Rac1 a6 12. Nh4 Re8 13. Nf5 g6 14. Nh4 Nf8
15. Rfe1 Rc8 16. f4 Ne4 17. Nxe4 dxe4 18. e3 Nd7 19. b4 b5 20. Qe2 Nb6 21. Bh3
Rb8 22. f5 g5 23. Rf1 gxh4 24. Qg4+ Kh8 25. f6 Rg8 26. Qxh4 Bc8 27. Rf5 Bxf5
28. Bxf5 Rg6 29. Bxg6 fxg6 30. Rf1 Qf8 31. Qxe4 Nc4 32. Qe7 Re8 33. Qxf8+ Rxf8
34. e4 Ne3 35. Rf3 Ng4 36. h3 Nxf6 37. e5 Nd7 38. Rxf8+ Nxf8 39. d5 Kg7 40. Kf2
Kf7 41. Ke3 Ke7 42. Kd4 Nd7 43. g4 h6 44. h4 h5 45. g5 Nf8 46. Kc5 Kd7 47. a3
Nh7 48. e6+ Ke7 49. Kc6 Nxg5 50. Kxc7 Nxe6+ 51. dxe6 Kxe6 52. Kb6 Kf5 53. Kxa6
g5 54. hxg5 h4 55. g6 Kxg6 56. Kxb5 h3 57. a4 h2 58. a5 h1=Q 59. a6 Qa8 60. Kb6
Kf6 61. b5 Ke7 62. a7 Kd7 63. Ka6 Kc7 64. b6+ Kc6 65. Ka5 Qb7 0-1

[Event "C'est un classique V U1800"]
[Site "Chess.com"]
[Date "2021.01.30"]
[Round "2.11"]
[White "Berlinguet, Etienne"]
[Black "Grenier, Marcel jr"]
[Result "0-1"]
[WhiteElo "1347"]
[BlackElo "1203"]
[PlyCount "56"]
[EventDate "2021.01.23"]
[EventType "swiss"]
[EventRounds "5"]
[EventCountry "CAN"]

1. e4 e5 2. Nf3 Nc6 3. Bb5 a6 4. Ba4 Nf6 5. O-O Be7 6. Re1 b5 7. Bb3 O-O 8. c3
d6 9. h3 Na5 10. Bc2 c5 11. d4 cxd4 12. cxd4 Nc6 13. d5 Nb8 14. Nbd2 Nbd7 15.
Nf1 h6 16. Ng3 Nb6 17. b3 b4 18. Be3 a5 19. Nf5 Bxf5 20. exf5 Nbxd5 21. Nh2
Nxe3 22. Rxe3 Rc8 23. Rc1 Rc5 24. Ng4 Nxg4 25. Qxg4 Bg5 26. Rg3 Qf6 27. Qd1
Bxc1 28. Qxc1 Rfc8 0-1

[Event "C'est un classique V U1800"]
[Site "Chess.com"]
[Date "2021.01.30"]
[Round "2.12"]
[White "Chelkowski, Jan"]
[Black "Villeneuve, Joel"]
[Result "0-1"]
[WhiteElo "1070"]
[BlackElo "1232"]
[PlyCount "73"]
[EventDate "2021.01.23"]
[EventType "swiss"]
[EventRounds "5"]
[EventCountry "CAN"]

1. e4 e5 2. Bc4 Nf6 3. Nc3 Bc5 4. h3 Nc6 5. Nf3 d6 6. b3 Bd7 7. Bb2 h6 8. Na4
Nxe4 9. O-O Bb6 10. Nxb6 axb6 11. d4 exd4 12. Nxd4 Nxd4 13. Bxd4 Qg5 14. Qf3 f5
15. Rfe1 O-O-O 16. Bd5 Rde8 17. Bxe4 fxe4 18. Rxe4 Rxe4 19. Qxe4 Bxh3 20. Qf3
Bd7 21. Be3 Qe5 22. Re1 Qc3 23. Rc1 Qb2 24. Qg3 g5 25. a4 Re8 26. Kh2 g4 27.
Kg1 h5 28. Qf4 Qe5 29. Qc4 Bc6 30. Bd2 g3 31. fxg3 Qxg3 32. Qf1 Rg8 33. Qf5+
Kb8 34. Qf2 Qxg2+ 35. Qxg2 Rxg2+ 36. Kf1 Rxd2 37. Ke1 0-1

[Event "C'est un classique V U1800"]
[Site "Chess.com"]
[Date "2021.01.30"]
[Round "2.13"]
[White "Loevenich, Anna"]
[Black "Imbeault, Marc"]
[Result "1-0"]
[WhiteElo "952"]
[BlackElo "1190"]
[PlyCount "121"]
[EventDate "2021.01.23"]
[EventType "swiss"]
[EventRounds "5"]
[EventCountry "CAN"]

1. d4 d5 2. Nf3 e6 3. Bg5 Be7 4. Bf4 c5 5. c3 Nc6 6. e3 Nf6 7. Bd3 O-O 8. Nbd2
h6 9. O-O b6 10. Ne5 Bb7 11. Bb5 Nxe5 12. Bxe5 c4 13. Ba4 Bd6 14. Nf3 Ne4 15.
Qb1 f6 16. Bxd6 Qxd6 17. Bc2 f5 18. Rd1 Bc6 19. Ne5 Be8 20. f3 Nf6 21. e4 g6
22. b3 cxb3 23. axb3 Nd7 24. Nxd7 Bxd7 25. e5 Qc7 26. Qb2 Rfc8 27. Rd3 Bb5 28.
c4 dxc4 29. Rc3 a6 30. b4 Rd8 31. Rd1 Rd7 32. Kf2 Rad8 33. Ke3 Kg7 34. f4 Qc6
35. Bb1 Rd5 36. Qa2 Qd7 37. Rxc4 Bxc4 38. Qxc4 b5 39. Qc3 Qb7 40. g3 Rc8 41.
Qb2 Qc7 42. Ba2 Qc3+ 43. Qxc3 Rxc3+ 44. Rd3 Rxd3+ 45. Kxd3 Rd8 46. Bxe6 Rb8 47.
h3 Kf8 48. g4 Ke7 49. gxf5 gxf5 50. Bxf5 Rb6 51. d5 Rb8 52. d6+ Kd8 53. Kd4 Rb7
54. e6 Ra7 55. e7+ Ke8 56. Bg6+ Kd7 57. e8=Q+ Kxd6 58. Qf8+ Re7 59. Qxh6 Re6
60. f5 Rf6 61. Qg7 1-0

[Event "C'est un classique V U1800"]
[Site "Chess.com"]
[Date "2021.02.06"]
[Round "3.8"]
[White "Cote, Pierre"]
[Black "Yang, Jing Yao"]
[Result "0-1"]
[WhiteElo "1196"]
[BlackElo "1309"]
[PlyCount "80"]
[EventDate "2021.01.23"]
[EventType "swiss"]
[EventRounds "5"]
[EventCountry "CAN"]

1. d4 Nf6 2. Bg5 d5 3. Bxf6 exf6 4. e3 Bd6 5. Nf3 O-O 6. c4 dxc4 7. Bxc4 Bg4 8.
h3 Bh5 9. Be2 Nc6 10. O-O f5 11. Nc3 Re8 12. Qb3 Rb8 13. Qb5 g6 14. a3 f4 15.
exf4 Bxf3 16. Bxf3 Nxd4 17. Qd5 Bxf4 18. Bd1 c6 19. Qc4 Qh4 20. g3 Bxg3 21.
Qxf7+ Kxf7 22. fxg3+ Qf6 23. Rxf6+ Kxf6 24. Bg4 Re3 25. Rf1+ Kg7 26. Kg2 Rf8
27. Rxf8 Kxf8 28. Kf2 Re7 29. h4 h5 30. Bd1 b5 31. b4 Nf5 32. Bf3 Rf7 33. Ne4
Nd4 34. Ng5 Rf5 35. Ke3 Nxf3 36. Nxf3 c5 37. bxc5 Rxc5 38. Nd4 Rc3+ 39. Kf4 a6
40. Ne6+ Ke7 0-1

[Event "C'est un classique V U1800"]
[Site "Chess.com"]
[Date "2021.02.06"]
[Round "3.9"]
[White "Cormier, Benoit"]
[Black "Villeneuve, Joel"]
[Result "0-1"]
[WhiteElo "1393"]
[BlackElo "1232"]
[PlyCount "56"]
[EventDate "2021.01.23"]
[EventType "swiss"]
[EventRounds "5"]
[EventCountry "CAN"]

1. e4 c6 2. Nf3 d5 3. Nc3 dxe4 4. Nxe4 Bf5 5. Ng3 Bg6 6. h4 h6 7. Ne5 Bh7 8.
Qh5 g6 9. Qf3 Nf6 10. Qb3 Nd5 11. Qxb7 Nb6 12. Nxc6 Qd5 13. Qxa8 Nxa8 14. Nxb8
Qe5+ 15. Be2 Qxb8 16. b3 Bg7 17. c3 O-O 18. O-O Qd6 19. Bf3 g5 20. a4 gxh4 21.
Ne4 Bxe4 22. Bxe4 Qf4 23. d3 Qe5 24. Bb2 Qe6 25. b4 h3 26. Rfe1 Qb3 27. Reb1
Qc2 28. f3 Qxg2# 0-1

[Event "C'est un classique V U1800"]
[Site "Chess.com"]
[Date "2021.02.06"]
[Round "3.10"]
[White "Grenier, Marcel jr"]
[Black "Bernard, Jeremie"]
[Result "0-1"]
[WhiteElo "1203"]
[BlackElo "1207"]
[PlyCount "122"]
[EventDate "2021.01.23"]
[EventType "swiss"]
[EventRounds "5"]
[EventCountry "CAN"]

1. e4 c5 2. Nf3 e6 3. d4 cxd4 4. Nxd4 Nc6 5. Nc3 Qc7 6. Be3 a6 7. a3 Nf6 8. f3
Be7 9. Qd2 Kf8 10. O-O-O d6 11. g4 Bd7 12. Be2 e5 13. Nf5 Bxf5 14. gxf5 h6 15.
Nd5 Nxd5 16. Qxd5 Rc8 17. Bc4 Nd8 18. Bb3 b5 19. Kb1 Qb7 20. Qxb7 Nxb7 21. Bd5
Na5 22. b4 Nc4 23. Bxc4 Rxc4 24. Kb2 Ke8 25. h4 Kd7 26. h5 Rhc8 27. Rc1 Rc3 28.
Rhe1 Bg5 29. Bxg5 hxg5 30. Rg1 f6 31. Rg3 Re3 32. c3 Re2+ 33. Rc2 Rxc2+ 34.
Kxc2 d5 35. Kd3 Kd6 36. Rh3 Rc4 37. h6 gxh6 38. Rxh6 dxe4+ 39. fxe4 Ke7 40.
Rh7+ Kf8 41. a4 Rc6 42. axb5 axb5 43. Rb7 Rd6+ 44. Ke3 Rd1 45. Rxb5 g4 46. Rd5
Re1+ 47. Kf2 Rxe4 48. b5 g3+ 49. Kf3 Rc4 50. Kxg3 Rxc3+ 51. Kf2 Rb3 52. Ke2 Kg7
53. Kd2 Kh6 54. Kc2 Rb4 55. Kc3 Rb1 56. Kc4 Kg5 57. Rd3 Kxf5 58. Rb3 Rc1+ 59.
Rc3 Rxc3+ 60. Kxc3 Ke6 61. Kc4 Kd6 0-1

[Event "C'est un classique V U1800"]
[Site "Chess.com"]
[Date "2021.02.06"]
[Round "3.11"]
[White "Berlinguet, Samuel"]
[Black "Abboudy, Bassel"]
[Result "1-0"]
[WhiteElo "1206"]
[BlackElo "1186"]
[PlyCount "81"]
[EventDate "2021.01.23"]
[EventType "swiss"]
[EventRounds "5"]
[EventCountry "CAN"]

1. e4 e5 2. Nf3 Nc6 3. g3 Nf6 4. Qe2 d5 5. exd5 Nxd5 6. Bg2 Bg4 7. h3 Bxf3 8.
Bxf3 Nd4 9. Qxe5+ Qe7 10. Qxe7+ Nxe7 11. Bxb7 Nxc2+ 12. Kd1 Rb8 13. Kxc2 Rxb7
14. b3 Ng6 15. Re1+ Be7 16. Bb2 O-O 17. d4 Bf6 18. Nd2 Rd8 19. Ne4 Bxd4 20.
Red1 c5 21. Nxc5 Rc7 22. Bxd4 Rxd4 23. Rxd4 Rxc5+ 24. Kb2 Kf8 25. Rc1 Rf5 26.
Rc8+ Ke7 27. Rc7+ Kf6 28. Rxa7 Rxf2+ 29. Ka3 Ne5 30. Ra6+ Ke7 31. Re4 f6 32. b4
Rf3+ 33. Ka4 Rxg3 34. b5 Rg2 35. a3 Kf7 36. Ra7+ Kg6 37. b6 Rb2 38. Rb4 Rxb4+
39. Kxb4 f5 40. Rc7 f4 41. b7 1-0

[Event "C'est un classique V U1800"]
[Site "Chess.com"]
[Date "2021.02.06"]
[Round "3.13"]
[White "Imbeault, Marc"]
[Black "Chelkowski, Jan"]
[Result "1-0"]
[WhiteElo "1190"]
[BlackElo "1070"]
[PlyCount "103"]
[EventDate "2021.01.23"]
[EventType "swiss"]
[EventRounds "5"]
[EventCountry "CAN"]

1. e4 b6 2. Nf3 Bb7 3. d3 e6 4. Nbd2 Bc5 5. g3 Nf6 6. Bg2 Ng4 7. O-O O-O 8. c3
f5 9. h3 fxe4 10. dxe4 Nf6 11. b4 Be7 12. Qe2 Ne8 13. e5 c6 14. Re1 Ba6 15. Qe4
Nc7 16. Qg4 Qe8 17. Ne4 Nd5 18. Bg5 Bxg5 19. Nfxg5 Qg6 20. Nf3 Qxg4 21. hxg4
Bd3 22. Rac1 Bc4 23. a3 a5 24. Nfd2 Ba6 25. Nd6 g6 26. c4 Ne7 27. b5 Bc8 28.
Nb1 Ra7 29. Nc3 c5 30. Na4 Rc7 31. Nxb6 Kg7 32. Na4 Ra7 33. Nc3 Nbc6 34. bxc6
dxc6 35. Na4 Rh8 36. Nxc5 a4 37. Nxc8 Rxc8 38. Nxe6+ Kh6 39. Nf4 Rd8 40. Red1
Re8 41. Nd3 Rc7 42. Rb1 Kg7 43. Rb4 Ra7 44. f4 Rh8 45. Nc5 Kh6 46. Rxa4 Rc7 47.
Rd7 Rxd7 48. Nxd7 Rd8 49. Ra7 c5 50. Nxc5 Rd1+ 51. Kh2 Rc1 52. Rxe7 1-0

[Event "C'est un classique V U1800"]
[Site "Chess.com"]
[Date "2021.02.13"]
[Round "4.8"]
[White "Villeneuve, Joel"]
[Black "Yang, Jing Yao"]
[Result "0-1"]
[WhiteElo "1232"]
[BlackElo "1309"]
[PlyCount "142"]
[EventDate "2021.01.23"]
[EventType "swiss"]
[EventRounds "5"]
[EventCountry "CAN"]

1. d4 d5 2. Bf4 Bf5 3. e3 e6 4. Nf3 Nf6 5. c4 c6 6. Nc3 Bd6 7. Ne5 Ne4 8. Nxe4
Bxe4 9. f3 Bg6 10. Qb3 Qa5+ 11. Kd1 Bxe5 12. Bxe5 f6 13. Bd6 b6 14. cxd5 Qxd5
15. Qxd5 exd5 16. g3 Bf5 17. g4 Bg6 18. Bg2 Kd7 19. Ba3 Na6 20. Rc1 Rhe8 21.
Re1 Nc7 22. e4 dxe4 23. fxe4 Nb5 24. d5 cxd5 25. exd5 Rxe1+ 26. Kxe1 Nxa3 27.
bxa3 Rc8 28. Rd1 Rc2 29. Rd2 Rxd2 30. Kxd2 Kd6 31. Kc3 Kc5 32. a4 Bf7 33. Bf1
Bxd5 34. a3 Bf3 35. h3 h5 36. gxh5 Bxh5 37. Bd3 Bd1 38. Bb5 f5 39. Kd3 f4 40.
Ke4 f3 41. Ke3 Be2 42. Bxe2 fxe2 43. Kxe2 Kc4 44. Kf3 Kb3 45. Kg4 Kxa4 46. Kg5
Kxa3 47. Kg6 b5 48. Kxg7 b4 49. h4 b3 50. h5 b2 51. h6 b1=Q 52. h7 Qxh7+ 53.
Kxh7 Kb2 54. Kg6 a5 55. Kf5 a4 56. Ke4 a3 57. Kd4 a2 58. Kc4 a1=Q 59. Kb4 Qa2
60. Kb5 Qa3 61. Kc4 Kc2 62. Kb5 Kb3 63. Kc6 Qa5 64. Kd6 Qb5 65. Kc7 Qa6 66. Kb8
Qc6 67. Ka7 Kb4 68. Kb8 Qd7 69. Ka8 Kb5 70. Kb8 Kc6 71. Ka8 Qb7# 0-1